Статистическая обработка и визуализация медицинских данных; Информационные технологии в науке, управлении, социальной сфере и медицине; Ч. 2
| Parent link: | Информационные технологии в науке, управлении, социальной сфере и медицине: сборник научных трудов V Международной научной конференции, 17-21 декабря 2018 г., Томск/ Национальный исследовательский Томский политехнический университет (ТПУ) ; Томский государственный педагогический университет (ТГПУ) ; под ред. О. Г. Берестневой [и др.].— , 2018 Ч. 2.— 2018.— [С. 308-311] |
|---|---|
| Autor principal: | |
| Autor corporatiu: | |
| Altres autors: | |
| Sumari: | Заглавие с титульного экрана The aim of the research is to consider basic concepts of descriptive statistics and to show basic histograms for the medical data. |
| Idioma: | rus |
| Publicat: |
2018
|
| Col·lecció: | Математические методы и информационные технологии в медицине |
| Matèries: | |
| Accés en línia: | http://earchive.tpu.ru/handle/11683/52330 |
| Format: | MixedMaterials Electrònic Capítol de llibre |
| KOHA link: | https://koha.lib.tpu.ru/cgi-bin/koha/opac-detail.pl?biblionumber=628922 |
MARC
| LEADER | 00000naa2a2200000 4500 | ||
|---|---|---|---|
| 001 | 628922 | ||
| 005 | 20231101133533.0 | ||
| 035 | |a (RuTPU)RU\TPU\conf\29262 | ||
| 035 | |a RU\TPU\conf\29261 | ||
| 090 | |a 628922 | ||
| 100 | |a 20190116d2018 k y0rusy50 ca | ||
| 101 | 0 | |a rus |d eng | |
| 102 | |a RU | ||
| 105 | |a y z 101zy | ||
| 135 | |a drcn ---uucaa | ||
| 181 | 0 | |a i | |
| 182 | 0 | |a b | |
| 200 | 1 | |a Статистическая обработка и визуализация медицинских данных |d Statistical processing and visualization of the medical data |f А. В. Носова, О. А. Маланина | |
| 203 | |a Текст |c электронный | ||
| 225 | 1 | |a Математические методы и информационные технологии в медицине | |
| 230 | |a 1 компьютерный файл (pdf; 503 Kb) | ||
| 300 | |a Заглавие с титульного экрана | ||
| 320 | |a [Библиогр.: с. 311 (1 назв.)] | ||
| 330 | |a The aim of the research is to consider basic concepts of descriptive statistics and to show basic histograms for the medical data. | ||
| 461 | 1 | |0 (RuTPU)RU\TPU\conf\29207 |t Информационные технологии в науке, управлении, социальной сфере и медицине |o сборник научных трудов V Международной научной конференции, 17-21 декабря 2018 г., Томск |o в 2 ч. |f Национальный исследовательский Томский политехнический университет (ТПУ) ; Томский государственный педагогический университет (ТГПУ) ; под ред. О. Г. Берестневой [и др.] |d 2018 | |
| 463 | 1 | |0 (RuTPU)RU\TPU\conf\29209 |t Ч. 2 |v [С. 308-311] |d 2018 | |
| 510 | 1 | |a Statistical processing and visualization of the medical data |z eng | |
| 610 | 1 | |a электронный ресурс | |
| 610 | 1 | |a труды учёных ТПУ | |
| 610 | 1 | |a medical data | |
| 610 | 1 | |a statistic | |
| 610 | 1 | |a analysis | |
| 610 | 1 | |a medicine | |
| 610 | 1 | |a histogram | |
| 610 | 1 | |a медицинские данные | |
| 610 | 1 | |a статистика | |
| 610 | 1 | |a анализ | |
| 610 | 1 | |a медицина | |
| 610 | 1 | |a гистограммы | |
| 610 | 1 | |a визуализация | |
| 610 | 1 | |a статистическая обработка | |
| 700 | 1 | |a Носова |b А. В. | |
| 701 | 1 | |a Маланина |b О. А. | |
| 712 | 0 | 2 | |a Национальный исследовательский Томский политехнический университет (ТПУ) |c (2009- ) |2 stltpush |3 (RuTPU)RU\TPU\col\15902 |
| 801 | 2 | |a RU |b 63413507 |c 20190118 |g RCR | |
| 856 | 4 | |u http://earchive.tpu.ru/handle/11683/52330 | |
| 942 | |c BK | ||